Материалы и исследования по рязанскому краеведению. Т. 56 (Запись № 11195884)

Подробности
000 -МАРКЕР
контрольное поле 02765nam2a2200313 4500
001 - ИДЕНТИФИКАТОР ЗАПИСИ
контрольное поле RU\NLR\BIBL_A\011959536
005 - ИДЕНТИФИКАТОР ВЕРСИИ
контрольное поле 20190403121128.0
021 ## - НОМЕР ГОСУДАРСТВЕННОЙ РЕГИСТРАЦИИ
Код страны Российская Федерация
Номер КН-П-19-007628
Номер Листа государственной регистраци КН-П-19-0570
035 ## - ДРУГИЕ СИСТЕМНЫЕ НОМЕРА
Идентификатор записи (NLR Aleph) 011959536
035 ## - ДРУГИЕ СИСТЕМНЫЕ НОМЕРА
Идентификатор записи (RuMoRGB)009886531
100 ## - ДАННЫЕ ОБЩЕЙ ОБРАБОТКИ
Данные общей обработки 20190313d2018 k y0rusy50 ca
101 0# - ЯЗЫК РЕСУРСА
Язык текста, звукозаписи и т.д. русский
102 ## - СТРАНА ПУБЛИКАЦИИ ИЛИ ПРОИЗВОДСТВА
Страна публикации Российская Федерация
105 ## - ПОЛЕ КОДИРОВАННЫХ ДАННЫХ: ТЕКСТОВЫЕ МАТЕРИАЛЫ, МОНОГРАФИЧЕСКИЕ
Кодированные данные о монографическом текстовом документе ach z 100zy
200 0# - ЗАГЛАВИЕ И СВЕДЕНИЯ ОБ ОТВЕТСТВЕННОСТИ
Основное заглавие Т. 56
Сведения, относящиеся к заглавию [материалы XIX областной научной конференции "Рязанский край: история, люди, события", проходившей в мае 2017 г. в рамках праздника "Дни славянской письменности и культуры"]
Первые сведения об ответственности Научно-исследовательская лаборатория теории, практики и методики краеведения в образовательных организациях, Областное государственное бюджетное учреждение дополнительного профессионального образования "Рязанский институт развития образования"
Последующие сведения об ответственности [редакционная коллегия: Б. В. Горбунов (гл. ред.) и др.]
210 ## - ПУБЛИКАЦИЯ, РАСПРОСТРАНЕНИЕ И ДР.
Дата издания, распространения и т.д. 2018
215 ## - ФИЗИЧЕСКАЯ ХАРАКТЕРИСТИКА
Специфическое обозначение материала и объем 329 с.
Другие сведения о физической характеристике ил., портр., табл., факс.
320 ## - ПРИМЕЧАНИЯ О НАЛИЧИИ В ДОКУМЕНТЕ БИБЛИОГРАФИИ / УКАЗАТЕЛЯ
Текст примечания Библиогр. в конце ст. и в подстроч. примеч.
461 #0 - УРОВЕНЬ НАБОРА
Встроенное поле 001RU\NLR\bibl\175542
-- 2001#$aМатериалы и исследования по рязанскому краеведению$e[Сб. науч. работ]$fРяз. обл. ин-т развития образования$g[Редкол.: П.В. Акульшин, Б.В. Горбунов (отв. ред.) и др.$gАвт. предисл. Б.В. Горбунов]$vТ. 56
Системный номер (АБИС) связанной записи 993028
Место публикации Рязань
Дата публикации 2000
Первые сведения об ответственности Ряз. обл. ин-т развития образования
Имя издателя, распространителя и т.д. Изд-во Ряз. обл. ин-та развития образования
Сведения, относящиеся к заглавию [Сб. науч. работ]
Заглавие Материалы и исследования по рязанскому краеведению
Номер тома Т. 56
711 12 - НАИМЕНОВАНИЕ ОРГАНИЗАЦИИ - АЛЬТЕРНАТИВНАЯ ОТВЕТСТВЕННОСТЬ
Начальный элемент ввода "Рязанский край: история, люди, события", областная научная конференция
Порядковый номер временной организации и / или порядковый номер ее части 19
Дата проведения временной организации 2017
Системный номер авторитетной/нормативной записи 655408
Идентификатор авторитетной/нормативной записи RU\NLR\AUTH\880497797
711 12 - НАИМЕНОВАНИЕ ОРГАНИЗАЦИИ - АЛЬТЕРНАТИВНАЯ ОТВЕТСТВЕННОСТЬ
Начальный элемент ввода Дни славянской письменности и культуры
Место проведения временной организации Рязань
Дата проведения временной организации 2017
Системный номер авторитетной/нормативной записи 655411
Идентификатор авторитетной/нормативной записи RU\NLR\AUTH\880497799
852 ## - МЕСТОНАХОЖДЕНИЕ И ШИФР ХРАНЕНИЯ
Идентификатор организации NLR
Шифр хранения (Call Number) 2001-3/8847; 2007-8/444
942 ## - ДОПОЛНИТЕЛЬНЫЕ ЭЛЕМЕНТЫ ЗАПИСИ (АБИС)
Тип экземпляра АБИС Книга
980 ## - КОЛЛЕКЦИЯ
Название коллекции Национальная библиография
Экземпляры
Тип экземпляра Дата поступления Источник поступления Библиотека постоянного хранения Библиотека текущего хранения Место хранения Шифр хранения Штрих-код Статус экземпляра
Книга 13.03.2019 Обязательный экземпляр РНБ (Московский) РНБ (Московский) Русский книжный фонд: издания с 1957 года 2001-3/8847 1-2639967